Πρακτικός οδηγός των γεωργικών συνεταιρισμών

Saved in:
Bibliographic Details
Main Author: Χολέβας, Κωνσταντίνος
Format: Book
Language:Greek
Published: Εν Αθήναις : Εκδοτικός Οίκος Δ. & Π. Δημητράκος, 1928
Series:Βιβλιοθήκη Δημητράκου ; ; 26
Subjects:
Online Access:http://hdl.handle.net/11610/16549
Tags: Add Tag
No Tags, Be the first to tag this record!

MARC

LEADER 00000cam a2200000 i 4500
001 1/59391
008 141107s1928 gre d
035 |l 10119688 
040 |a GR-MY-UA  |b gre  |e aacr 
041 0 |a gre 
082 0 |a 334.683  |2 (23) 
100 1 |a Χολέβας, Κωνσταντίνος. 
245 1 0 |a Πρακτικός οδηγός των γεωργικών συνεταιρισμών /  |c Κωνσταντίνος Χολέβας 
260 |a Εν Αθήναις :   |b Εκδοτικός Οίκος Δ. & Π. Δημητράκος,   |c 1928 
300 |a 158 σ.;  |c 17 εκ. 
490 1 |a Βιβλιοθήκη Δημητράκου  |v ; 26 
500 |a Στο εξώφυλλο σφραγίδα "Δημήτριος Κοροντζής" 
500 |a Υπάρχει ψηφιακό αντίγραφο.  
650 0 0 |a Agriculture, Cooperative  |z Greece. 
830 0 |a Βιβλιοθήκη Δημητράκου ;  |v ; 26 
852 |a INST  |b SAMOS  |c PORFYRIADA  |e 20141107  |h 334.683 ΧΟΛ  |p 005300037146  |q 005300043106  |t NOLOAN  |y 23 
856 |u http://hdl.handle.net/11610/16549 
901 |a BIBL3-2014-3 
909 |a Σ  |b 185301 
970 |a ΣΙΤΖΙΜΗ  |b ΓΙΑΣΕΜΗ  |z 2014/11/06